Oxford advanced learner's dictionary of current English

Uloženo v:
Podrobná bibliografie
Hlavní autor: Hornby, A. S.
Médium: Kniha
Jazyk:Undetermined
Vydáno: Oxford Oxford University Press 2000
Témata:
Tagy: Přidat tag
Žádné tagy, Buďte první, kdo otaguje tento záznam!
Thư viện lưu trữ: Trung tâm Học liệu Trường Đại học Cần Thơ
LEADER 00544nam a2200193Ia 4500
001 CTU_79779
008 210402s9999 xx 000 0 und d
082 |a 423 
082 |b H814 
100 |a Hornby, A. S. 
245 0 |a Oxford advanced learner's dictionary of current English 
245 2 |c A S Hornby, Sally Wehmeier 
260 |a Oxford 
260 |b Oxford University Press 
260 |c 2000 
650 |a English language 
650 |x Dictionaries 
904 |i Năm,Hải 
980 |a Trung tâm Học liệu Trường Đại học Cần Thơ